00734nam a2200217 a 450000100060000000300080000600500170001400800410003103500190007204000370009104100080012808200210013624501160015726000370027330000260031050400290033665000340036565100410039965100410044070000350048141721BD-RjUL20211209053435.0160605s1920 enk 000 0 eng  a(BD-RjUL)41839 aDLCcVPIdOCLdEQOdBD-RjULbeng aeng a940.27bREV 192000aRevolution from 1789 to 1906 :bdocuments /cselected and edited with notes and introductions by R.W. Postgate. aLondon :bGrant Richards,c1920. axvi, 399 p. ;c23 cm. aContains bibliographies. 0aRevolutionszEuropevSources. 0aEuropexHistoryy1789-1900vSources. 0aEuropexHistoryy1871-1918vSources.1 aPostgate, Raymond,d1896-1971.